000 00492nab a2200145Ia 4500
003 ES-SlBCS
005 20210601124311.0
008 140529s1981 xxu||||| |||| 00| 0 eng d
041 _aeng
100 1 _aAlexander, Chanan
_9139409
245 0 0 _aCultural Transmission and Economic Development: A Critique of Educational Positivism
_c Chanan Alexander
650 0 4 _aPositivismo Educativo
_9139410
773 0 _tEducational Theory
_gvol. 31, nº. 3-4, 1981, págs. 351-358
_wRev1399
942 _cAR
999 _c512568
_d512568